22_静岡県の市町村(ひらがな対応・五十音順) - Statistics

General Stats
  • This quiz has been taken 47 times
  • The average score is 30 of 35
Answer Stats
種類 市町村名 % Correct
伊豆市
100%
熱海市
97%
静岡市
97%
浜松市
97%
沼津市
95%
富士市
95%
三島市
95%
伊東市
92%
磐田市
92%
掛川市
92%
伊豆の国市
89%
菊川市
89%
島田市
89%
下田市
89%
東伊豆町
89%
牧之原市
89%
焼津市
89%
御前崎市
87%
袋井市
87%
藤枝市
87%
富士宮市
87%
南伊豆町
87%
川根本町
84%
湖西市
84%
御殿場市
84%
西伊豆町
84%
清水町
82%
函南町
79%
裾野市
79%
河津町
76%
長泉町
76%
森町
74%
吉田町
71%
小山町
68%
松崎町
68%
No matching quizzes found
Score Distribution
Percent of People with Each Score
Percentile by Number Answered
Your Score History
You have not taken this quiz